000 00508nam a2200157 4500
001 145439
003 ES-MaACL
005 20230906201231.0
007 t|
008 070214s1933 gw r ||||1| ger d
100 1 _aSpengler, Oswald.
_9107694
245 1 0 _aJahre der Entscheidung
_b: erskerteil Deutschland und die weltgeschichtliche Entwicklung /
_cOswald Spengler.
260 _aMünchen :
_bC. H. Beck'sche Verlagsbuchhandlung,
_c1933.
300 _aXII, 165 p. ;
_c24 cm.
852 _aES-MaACL
_jA-1909
999 _c145439
_d145439